[Event "GER-ch U10"]
[Site "Willingen"]
[Date "2015.05.30"]
[Round "11"]
[White "Straub, Benno"]
[Black "Ruppert, Jeremy"]
[Result "1-0"]
[WhiteElo "1022"]
[BlackElo "1147"]
[PlyCount "73"]
[EventDate "2015.05.24"]
[EventType "swiss"]
[EventRounds "11"]
[EventCountry "GER"]
[SourceTitle "CBM 166 Extra"]
[Source "ChessBase"]
[SourceDate "2015.06.18"]
[SourceVersion "1"]
[SourceVersionDate "2015.06.18"]
[SourceQuality "1"]

1. e4 e5 2. Nf3 Nc6 3. Bc4 Nf6 4. d3 Bc5 5. Nc3 d6 6. Be3 Bb6 7. Qd2 Bd7 8. h3 Qe7 9. 0-0-0 Na5 10. Nd5 Nxd5 11. Bxd5 Be6 12. Bxb6 axb6 13. Bxe6 Qxe6 14. a3 b5 15. Qb4 c6 16. Qc3 c5 17. b4 cxb4 18. Qxb4 0-0 19. Qxb5 Rfc8 20. Kd2 Qh6+ 21. Ke2 Rxc2+ 22. Rd2 Rxd2+ 23. Nxd2 Rc8 24. Qxa5 g6 25. Rd1 Qh5+ 26. Nf3 g5 27. Qb6 g4 28. hxg4 Qxg4 29. Qxb7 Kg7 30. Rd2 Rc1 31. Qb2 Rh1 32. d4 Qxg2 33. dxe5 dxe5 34. Qxe5+ f6 35. Rd7+ Kg6 36. Qf5+ Kh6 37. Qxh7# 1-0

[Event "GER-ch U10"]
[Site "Willingen"]
[Date "2015.05.24"]
[Round "1"]
[White "Haufe, Laurin"]
[Black "Ruppert, Jeremy"]
[Result "1-0"]
[WhiteElo "1524"]
[BlackElo "1147"]
[PlyCount "53"]
[EventDate "2015.05.24"]
[EventType "swiss"]
[EventRounds "11"]
[EventCountry "GER"]
[SourceTitle "CBM 166 Extra"]
[Source "ChessBase"]
[SourceDate "2015.06.18"]
[SourceVersion "1"]
[SourceVersionDate "2015.06.18"]
[SourceQuality "1"]

1. e4 e5 2. Nf3 Nc6 3. d4 d6 4. dxe5 dxe5 5. Qxd8+ Kxd8 6. Be3 Nf6 7. Bb5 Nxe4 8. Bxc6 bxc6 9. Nxe5 Ke8 10. Nxc6 Bd6 11. 0-0 Bb7 12. Na5 Ba6 13. Re1 Bb4 14. Bd2 Kd7 15. Rxe4 Rhe8 16. Rxe8 Rxe8 17. Bxb4 c5 18. Bc3 Kc7 19. Na3 Rd8 20. N5c4 Kb7 21. h3 f5 22. Re1 Rd7 23. Ne5 Rd5 24. Nd3 Kc8 25. Re5 Rd8 26. Nxc5 Rd6 27. Re8+ 1-0

[Event "GER-chT U10"]
[Site "Magdeburg"]
[Date "2014.12.29"]
[Round "7.2"]
[White "Janssen, Mattis"]
[Black "Ruppert, Jeremy"]
[Result "0-1"]
[WhiteElo "600"]
[BlackElo "1056"]
[PlyCount "68"]
[EventDate "2014.12.27"]
[EventType "team-swiss"]
[EventRounds "7"]
[EventCountry "GER"]
[SourceTitle "EXT 2016"]
[Source "ChessBase"]
[SourceDate "2015.10.08"]
[SourceVersion "1"]
[SourceVersionDate "2015.10.08"]
[SourceQuality "1"]
[WhiteTeam "Luebeck II"]
[BlackTeam "Rommelshausen"]
[WhiteTeamCountry "GER"]
[BlackTeamCountry "GER"]

1. e4 e5 2. Nf3 Nc6 3. Bc4 Nf6 4. d3 d6 5. Bg5 Bg4 6. Nc3 Nd4 7. Nd5 Be7 8. Nxe7 Qxe7 9. h3 Bxf3 10. gxf3 0-0 11. c3 Ne6 12. Bxf6 Qxf6 13. Qd2 Nf4 14. 0-0-0 Nxh3 15. f4 Qh4 16. Rhf1 Nxf4 17. Rg1 Qh2 18. Rdf1 Nh3 19. Rg3 Nf4 20. Qd1 Nh3 21. Qg4 g6 22. Rxh3 Qf4+ 23. Kc2 Qxg4 24. Rfh1 Qe2+ 25. Kb3 h5 26. R3h2 Rab8 27. d4 Qxe4 28. Rh4 Qf5 29. R1h2 b5 30. Be2 a5 31. dxe5 a4+ 32. Kb4 Qxe5 33. f3 Qc5+ 34. Ka5 Ra8# 0-1

[Event "GER-chT U10"]
[Site "Magdeburg"]
[Date "2014.12.29"]
[Round "6.2"]
[White "Rissel, Silas"]
[Black "Ruppert, Jeremy"]
[Result "1-0"]
[WhiteElo "1019"]
[BlackElo "1056"]
[PlyCount "77"]
[EventDate "2014.12.27"]
[EventType "team-swiss"]
[EventRounds "7"]
[EventCountry "GER"]
[SourceTitle "EXT 2016"]
[Source "ChessBase"]
[SourceDate "2015.10.08"]
[SourceVersion "1"]
[SourceVersionDate "2015.10.08"]
[SourceQuality "1"]
[WhiteTeam "Halle Volksbank"]
[BlackTeam "Rommelshausen"]
[WhiteTeamCountry "GER"]
[BlackTeamCountry "GER"]

1. e4 e5 2. Nf3 Nc6 3. Bc4 Nf6 4. Nc3 Bc5 5. 0-0 0-0 6. d3 d6 7. Bg5 Bg4 8. h3 Bh5 9. Nd5 Qc8 10. Bxf6 Nd4 11. g4 Bxg4 12. hxg4 Qxg4+ 13. Kh1 Qh3+ 14. Nh2 gxf6 15. Qg4+ Qxg4 16. Nxg4 c6 17. Nde3 Kh8 18. Rg1 Rg8 19. c3 Nf3 20. Rg3 Bxe3 21. fxe3 Rg7 22. Rxf3 Rxg4 23. Bxf7 Rf8 24. Be6 Rg5 25. Rg1 Rh5+ 26. Bh3 a5 27. Rg2 b5 28. b3 c5 29. c4 b4 30. Kg1 h6 31. Rfg3 Kh7 32. Be6 Re8 33. Bf7 Rf8 34. Bxh5 Re8 35. Bxe8 h5 36. Rg7+ Kh8 37. Rf7 h4 38. Rxf6 h3 39. Rh6# 1-0